| 000 | 00701nam a2200193 i 4500 | ||
|---|---|---|---|
| 001 | 132302 | ||
| 003 | ES-MaACL | ||
| 005 | 20230906194139.0 | ||
| 007 | t| | ||
| 008 | 070214s1901 sp r ||||1| spa d | ||
| 110 | 1 |
_aMadrid (Provincia). _bDiputación Provincial. _9134671 |
|
| 245 | 1 | 0 | _aMoción de la Presidencia a la Excelentísima Diputación referente al servicio de investigación de bienes de la Beneficencia Provincial. |
| 260 |
_aMadrid : _bEscuela Tipolitográfica del Hospicio, _c1901. |
||
| 300 |
_a203 p. ; _c23 cm. |
||
| 505 | 8 | _aContiene: T. I | |
| 594 | _aEn p. 13, el Presidente: Francisco Romero. | ||
| 650 | 4 |
_aBeneficencia- _zMadrid. _9150492 |
|
| 852 |
_aES-MaACL _jT-985-F-6 |
||
| 999 |
_c132302 _d132302 |
||